000 01235nam a2200265Ia 4500
999 _c39989
_d39989
001 6595
003 GE_BSU
005 20191209105115.0
008 181216s||||||||xx |||||||||||||| ||und||
020 _a9789941409288
040 _cGE_BSU
041 _ageo
080 _a811.353.1 ფ-30
100 _aფარტენაძე, ნათია
_93258
245 _aზმისწინი საშუალ ქართულში :
_bმონოგრაფია /
_cნათია ფარტენაძე ; რედ. ელენე ბაბუნაშვილი.
264 _aბათუმი :
_bშოთა რუსთაველის სახ.უნ-ტი,
_c2009.
300 _a123 გვ.;
_b20 სმ.
500 _aშემოკლებათა განმარტება: გვ. 117-118.
504 _a ბიბლიოგრ.: გვ. 118-122.
653 _aქართული გრამატიკა
653 _aქართული ენა
700 _aბაბუნაშვილი, ელენე
_eრედაქტორი
_95723
710 _aშოთა რუსთაველის სახელმწ. უნ-ტი
_95724
942 _cBK
_2udc